02077agaaa2200313 45000010005000000030009000050050017000140070009000310080040000400400023000800410013001031000047001161300027001632400035001902450185002252460028004102500022004382600133004603000034005935080137006275110088007645200649008525380016015015460013015176500059015307000059015897000061016487000054017095945IT-RoPAU20220918181251.0d cvaizq50131s9999||||xx ||| | || ||und|| aIT-RoPAUcIT-RoPAU aITALIANO aBergman IngmargCodice regista SPICS: 9304 aSCENE DA UN MATRIMONIO aSCENER UR ETT AKTENSKAPgT1209 aSCENE DA UN MATRIMONIOcProdotto da: Carlberg Lars-Owe -- Sceneggiatura: Bergman Ingmar -- Diretto da: Bergman IngmarpSCENE DA UN MATRIMONIO (Rif. Codice opera principale : H5945) aSCENER UR ETT AKTENSKAP aEdizione Standard a(SVEZIA)bCINEMATOGRAPH AB - SVENSKA FILMINSTITUTET / Distribuzione: L'ESPRESSOg"1973 (1° ed.: 2005 ; Ed. Lingua Orig.: 1973)" aDVDbsonoro, col.c163 minuti a"Fotografia: Nykvist Sven; Montaggio: Lundgren Siv; Musica: Svenson Owe; Sceneggiatura: Bergman Ingmar; Scenografia: Thulin Bjorn; " a"Ullmann Liv; Josephson Erland; Andersson Bibi; Bergman Lena; Malmsjo Jan; Foss W." aJOHAN E MARIANNE SI SONO COSTRUITI UNA VITA TRANQUILLA, HANNO UNA CASA, DUE BAMBINI, ESERCITA UNA PROFESSIONE RISPETTABILE. MA DA QUALCHE ANNO ESISTONO SEGNI DI NON COMUNICAZIONE. JOHAN HA UN'AMANTE GIOVANE E OTTIENE IL DIVORZIO DA MARIANNE, CHE SI ABBANDONA A NUOVE AVVENTURE. NONOSTANTE TUTTO I DUE TORNANO AD INCONTRARSI E A DISTANZA DI ANNI, ENTRAMBI SPOSATI AD ALTRO PARTNER, SCOPRONO DI AMARSI ANCORA E IN MANIERA PIU' PROFONDA E PIU' MATURA. TROVANO INFINE NELL'AMORE SINCERO, COMPLETO, RISPETTOSO DELLE INDIVIDUALITA', LA VERA SOSTANZA DELLA COMUNICAZIONE CONUIGALE. DAVID DI DONATELLO 1975 PER MIGLIORE ATTRICE STRANIERA A LIV ULLMANN. aPAL, STEREO aITALIANO aDRAMMATICOeDVD-FILM [DVD]xCodice MATERIA SPICS: 9947 aBergman Ingmar e(regista)gCodice regista SPICS: 9304 aBergman Ingmar e(soggetto)gCodice Soggetto SPICS: 9304 aSvenson Owee(musica)gCodice Musica SPICS: 28777